000 00508nam a2200181Ia 4500
008 100917s9999 xx 000 0 und d
082 _b35694
100 _aप्रभुदेसाई बाळकृष्ण
245 _aआदिवास
260 _bअभिजात प्रकाशन
_c1978
300 _a120
365 _b12
520 _aकादंबरी
630 _aआदिवास
650 _aकादंबरी
730 _aआदिवास
942 _cBOOK
999 _c641088
_d641085